000 00809nam a2200229Ia 4500
001 16753
003 GE_BSU
008 181216s||||||||xx |||||||||||||| ||und||
040 _cGE_BSU
080 _a821.353.1-32 + 821.353.1-31
100 _aიოსელიანი, ოტია (1930-2011)
245 _aნოველები ; ვარსკვლავთცვენა
245 _bრომანი
245 _cრედ. ზ.ფორჩხიძე. მხ.თ.მირზაშვილი
260 _aთბილისი
260 _bსაბჭ. საქართველო
260 _c1965
300 _a482 გვ. ; 21 სმ.
653 _aნოველები ; ვარსკვლავთცვენა
653 _aრომანი
942 _cBK
999 _c49818
_d49818